000 00221 a2200109 4500
020 _a9781930332980
041 _aspa
100 _aMary Pope Osborne
245 _aLeones ala hora del Almuerzo
942 _cBK
952 _71
999 _c17048
_d17048